000 00832cam a2200253 a 4500
001 15492167
005 20180302043540.0
008 081021s2010 njua b 001 0 eng
010 _a 2008045312
020 _a9780136078685 (pbk. : alk. paper)
020 _a0136078680 (pbk. : alk. paper)
035 _a(OCoLC)ocn263605444
040 _aDLC
_cDLC
_dYDX
_dBTCTA
_dYDXCP
_dBWX
_dOCLCQ
_dDLC
041 _aeng
080 _a658.4038011 KRO
082 0 0 _a658.4038011 KRO
_222
100 1 _a54
101 _aMIS
245 1 0 _aExperiencing MIS /
_cDavid M. Kroenke.
504 _aIncludes bibliographical references and index.
906 _a7
_bcbc
_corignew
_d1
_eecip
_f20
_gy-gencatlg
942 _2ddc
_cBK
999 _c43978
_d43978